Organic fertilization affecting pests and production of Lippia sidoides Cham. (Verbenacea) (Registro n. 299196)
[ somente texto ]
| 000 -LÍDER | |
|---|---|
| fixed length control field | 04480nab a2200337 i 4500 |
| 003 - CÓDIGO MARC DA AGÊNCIA CATALOGADORA | |
| Campo de controle | BR-BrBNA |
| 005 - DATA E HORA DA ÚLTIMA ATUALIZAÇÃO | |
| Campo de controle | 20240416120134.0 |
| 008 - CAMPO DE TAMANHO FIXO | |
| fixed length control field | 240416b2013 bl.qr|pooa||| 00| 0 eng | |
| 040 ## - FONTE DA CATALOGAÇÃO | |
| Agência catalogadora | BR-BrBNA |
| Idioma da catalogação | eng |
| 072 ## - CATEGORIA AGRIS | |
| Código AGRIS | F04 |
| 072 ## - CATEGORIA AGRIS | |
| Código AGRIS | H10 |
| 100 ## - ENTRADA PRINCIPAL - NOME PESSOAL | |
| Nome pessoal | Leite, G.L.D. |
| 100 ## - ENTRADA PRINCIPAL - NOME PESSOAL | |
| Nome pessoal | Souza, M.F. |
| 100 ## - ENTRADA PRINCIPAL - NOME PESSOAL | |
| Nome pessoal | Souza Junior, I.T. |
| 100 ## - ENTRADA PRINCIPAL - NOME PESSOAL | |
| Nome pessoal | Figueiredo, L.S. |
| 100 ## - ENTRADA PRINCIPAL - NOME PESSOAL | |
| Nome pessoal | Bonfim, F.P.G. |
| 100 ## - ENTRADA PRINCIPAL - NOME PESSOAL | |
| Nome pessoal | Martins, E.R. |
| 245 ## - TÍTULO PRINCIPAL | |
| Título principal | Organic fertilization affecting pests and production of Lippia sidoides Cham. (Verbenacea) |
| 500 ## - NOTA GERAL | |
| Nota geral | Publicação on-line; 23 ref.; 5 illus.; Summaries (En, Pt) |
| 942 ## - ADDED ENTRY ELEMENTS (KOHA) | |
| Koha item type | |
| 520 ## - NOTA DE RESUMO | |
| Nota de conteúdo | <br/><br/>ABSTRACT: <br/><br/>The objective of this paper was to study the effect of four levels of organic fertilization<br/>(0, 3, 6 and 9 kg m-2) to produce the essential oil of Lippia sidoides Cham. (Verbenacea) and<br/>its pests. A higher number of red mite Tetranychus sp. (Acari: Tetranychiidae) was observed on<br/>the abaxial face of the median and basal leaves of L. sidoides plants with eight weeks of age<br/>cultivated with 6 kg m-2 of organic fertilization. On the other hand, the smallest number of this<br/>mite was noted in control (0 kg m-2). L. sidoides cultivated with 6 kg m-2 of organic fertilization<br/>produced a greater quantity of essential oil. The highest number of mealy bug Phenacoccus<br/>sp. (Hemiptera: Pseudococcidae) was observed on the apical leaves (both leaf surfaces) of L.<br/>sidoides plants with nine and ten weeks of age cultivated with 3 kg m-2 of organic fertilization. No<br/>significant effect of the organic fertilization on Aphis gossypii Glover (Hemiptera: Aphididae) was<br/>detected. However, a greater number of this aphid and of its predator Scymnus sp. (Coleoptera:<br/>Coccinelidae) was observed on the abaxial face of the bottom leaves of L. sidoides plants with<br/>eight weeks of age. The dose of organic fertilization recommended for the production of essential<br/>oil of L. Sidoides is 6 kg m-2, however, one must pay attention to the fact this dosage favors<br/>the attack by Tetranychus sp.. And, when needed, pulverization must always be directed to the<br/>lower surface of the leaf.<br/><br/>Keywords: medicinal plants, insects, mites, family farm, competition |
| 520 ## - NOTA DE RESUMO | |
| Nota de conteúdo | <br/><br/>RESUMO: <br/><br/>Adubação orgânica afetando a ocorrência de pragas e a produção de Óleo<br/>essencial em Lippia sidoides Cham. (Verbenacea). O objetivo deste trabalho foi avaliar o<br/>efeito de quatro níveis de adubação orgânica (0, 3, 6, e 9 kg m-2) na produção de óleo essencial<br/>de Lippia sidoides Cham. (Verbenacea) e de suas pragas. Observou-se maior número de<br/>ácaro vermelho Tetranychus sp. (Acari: Tetranychiidae) na face inferior das folhas dos terços<br/>medianos e basais das plantas de L. sidoides com oito semanas de idade cultivadas com<br/>6 kg m-2 de adubo orgânico. Por outro lado, a menor quantidade deste ácaro foi notada na<br/>testemunha (0 kg m-2). L. sidoides cultivada com 6 kg m-2 de adubo orgânico produziu maior<br/>quantidade de óleo essencial. Observou-se maior número de cochonilhas Phenacoccus sp.<br/>(Hemiptera: Pseudococcidae) nas folhas apicais, sem distinção de face foliar, das plantas de<br/>L. sidoides com nove e 10 semanas de idade cultivadas com 3 kg m-2 de adubo orgânico.<br/>Não se detectou efeito significativo de adubo orgânico sobre Aphis gossypii Glover (Hemiptera:<br/>Aphididae). Contudo, observou-se maior número desse pulgão bem como de seu predador<br/>Scymnus sp. (Coleoptera: Coccinelidae) nas faces abaxiais das folhas basais das plantas de L.<br/>sidoides com oito semanas de idade. A dose de adubo orgânico recomendada para produção<br/>de óleo essencial de L. sidoides é de 6 kg m-2. Contudo, essa dosagem favorece o ataque<br/>de Tetranychus sp. e, quando necessário, deve-se dirigir a pulverização sempre para a face<br/>inferior da folha, local preferencial de ataque dos artrópodes.<br/><br/>Palavras-chave: plantas medicinais, insetos, ácaros, agricultura familiar, competição |
| 650 ## - ASSUNTO - THESAGRO | |
| Cabeçalho tópico ou nome geográfico | PLANTA MEDICINAL |
| 650 ## - ASSUNTO - THESAGRO | |
| Cabeçalho tópico ou nome geográfico | INSETO |
| 650 ## - ASSUNTO - THESAGRO | |
| Cabeçalho tópico ou nome geográfico | ÁCARO |
| 650 ## - ASSUNTO - THESAGRO | |
| Cabeçalho tópico ou nome geográfico | AGRICULTURA FAMILIAR |
| 650 ## - ASSUNTO - THESAGRO | |
| Cabeçalho tópico ou nome geográfico | COMPETIÇÃO BIOLÓGICA |
| 773 0# - ENTRADA ANALÍTICA | |
| Host Biblionumber | 3543 |
| Registro do item | 314468 |
| Imprenta | Botucatu-SP Instituto de Biociências - Departamento de Química e Bioquímica 1998 |
| Outro identificador | 2024-0723 |
| Título | Revista Brasileira de Plantas Medicinais (Brazil) |
| ISSN | 1516-0572 |
| Colação | v. 15(4) p. 551-556; (2013) |
| Número de controle de registro | BR2024000486 |
| 856 ## - ACESSO E ENDEREÇO ELETRÔNICO | |
| Identificador uniforme de recurso - URI | https://www.scielo.br/j/rbpm/a/3xYD4LQcV9fGrPxVTwzwf3M/?format=pdf&lang=en |
Nenhum exemplar disponível.

BINAGRI